| 000 | 00549nam a22001937a 4500 | ||
|---|---|---|---|
| 001 | 00028337 | ||
| 005 | 20260226160040.0 | ||
| 008 | 260226b ag ||||| |||| 00| 0 spa d | ||
| 040 |
_aAR-CcCEOS _bspa _cAR-CcCEOS |
||
| 041 | _aspa | ||
| 080 | _a821 | ||
| 090 | _bMAU v.25 | ||
| 100 | 1 |
_aMaupassant, Guy de, _d1850-1893 _9646 |
|
| 245 |
_aLa herencia / _cGuy de Maupassant |
||
| 264 |
_aBuenos Aires : _bCentro Editor de America Latina, _cc1977. |
||
| 300 |
_a110 p. ; _c19x13 cm. |
||
| 490 | _vColección Biblioteca Total | ||
| 942 |
_2udc _cBK _n0 |
||
| 999 |
_c28357 _d28357 |
||